Datum a čas kvízu
40
Celkem bodů
Celkový počet nahraných bodů na tomto kvízu bez doplňovacích otázek.
2.
Pořadí na kvízu
Konečné umístění týmu na tomto kvízu.
Zaznamenané odpovědi
| # | Otázka | Odpověď | Body | Výsledky |
|---|---|---|---|---|
| 1. | Jak jste jistě mohli zaznamena... | do Indie | 1 | |
| 2. | Slovensko míří k výrazné polit... | Igor Matovič | 1 | |
| 3. | V pátek byly v Paříži uděleny... | Roman Polański | 1 | |
| 4. | Britský maloobchodní řetězec T... | mají různé odstíny podle barev pleti | 1 | |
| 5. | Londýnský fotbalový velkoklub... | Olympiakos Pireus | 1 | |
| 6. | Peníze máme v ruce každý den,... | Česká národní banka | 0 | |
| 7. | Které dvě osobnosti mají jméno... | D | 1 | |
| 8. | Celkem kolikrát je na obou str... | čtyřikrát | 0 | |
| 9. | Kolik Kč činí nominální hodnot... | 200 Kč | 1 | |
| 10. | Které z mincí o hodnotě 1 až 5... | všechny | 1 |